| 000 | 00669nam a2200193Ia 4500 | ||
|---|---|---|---|
| 003 | GCL | ||
| 008 | 140319s9999 xx 000 0 ara d | ||
| 040 |
_aGCL / _cGCL |
||
| 082 | 0 | 4 |
_a817.008 _bه ا |
| 100 | 1 | _aهيكل رعيدى | |
| 245 | 1 | 0 |
_aاحلى طرائف ونوادر الاعراب والبخلاء والطفيلين والمغفلين / _cهيكل رعيدى |
| 250 | _aالاولى | ||
| 260 |
_aبيروت : _bجروس برس ، _c1993 |
||
| 300 |
_a135 ص ؛ _c24 سم |
||
| 490 |
_aسلسلة احلى الطرائف والنوادر _v0 |
||
| 650 | 0 | 4 | _aالادب العربى |
| 650 | 0 | 4 | _aالاهاجى والفكاهات |
| 942 |
_2ddc _cBK |
||
| 999 |
_c56092 _d56092 |
||